LEADER 01131nam0-2200349---450- 001 990008576180403321 005 20071106095434.0 010 $a2-7283-0730-X 035 $a000857618 035 $aFED01000857618 035 $a(Aleph)000857618FED01 035 $a000857618 100 $a20071106d2005----km-y0itay50------ba 101 0 $afre 102 $aIT 105 $aa-------001yy 200 1 $a<>fortune de Karol$emarché de la terre et liens personnels dans les Abruzzes au haut Moyen âge$fLaurent Feller, Agnès Gramain et Florence Weber 210 $aRoma$cÉcole française de Rome$d2005 215 $a213 p.$cill.$d24 cm 225 1 $aCollection de l'École française de Rome$v347 610 0 $aLatifondo$aAbruzzo$aSec. 9.-11.$aFonti documentarie 676 $a945.71$v21$zita 700 1$aFeller,$bLaurent$0223453 701 1$aGramain,$bAgnès$0502706 701 1$aWeber,$bFlorence$0254239 801 0$aIT$bUNINA$gRICA$2UNIMARC 901 $aBK 912 $a990008576180403321 952 $aCollez. 755 (347)$b43032$fFSPBC 959 $aFSPBC 996 $aFortune de Karol$9711025 997 $aUNINA LEADER 00829nam0-2200301---450- 001 990009990930403321 005 20150731102600.0 010 $a88-14-18015-6 035 $a000999093 035 $aFED01000999093 035 $a(Aleph)000999093FED01 035 $a000999093 100 $a20150731d2012----km-y0itay50------ba 101 0 $aita 102 $aIT 105 $ay-------001yy 200 1 $aInstrumentum digitale$eteoria e disciplina del documento informatico$fGianluca Navone 210 $aMilano$cGiuffrè$d2012 215 $aX, 214 p.$d24 cm 225 1 $aQuaderni di Studi senesi$v127 676 $a343.450999 700 1$aNavone,$bGianluca 801 0$aIT$bUNINA$gRICA$2UNIMARC 901 $aBK 912 $a990009990930403321 952 $aCOLLEZIONE 153 (127)$b55528*$fFGBC 959 $aFGBC 997 $aUNINA